000 01595cam a22003854a 4500
003 PE-LiUPU
005 20250731183333.0
008 140317e2012 pe a g 001 0 spa
020 _a9786124005916
035 _a(Sirsi) i9786124005916
035 _a(Sirsi) 52033
035 _a(Sirsi) 52033
082 0 4 _a720.285
_bQ5
100 1 _aQuezada Cerna, Carlos Johny
245 _aRevit architecture 2013 /
_cCarlos Johny Quezada Cerna.
250 _aPrimera edición
264 1 _aLima, Perú :
_bMegabyte,
_c2012
300 _a703 páginas :
_bilustraciones ;
_c25 cm
505 0 _aEmpezando autodesk Revit Architecture 2013 -- Creación de una construcción con muros ventas y puertas -- Administración y creación de vistas y niveles -- Herramientas de edición -- Cotas y anotaciones -- Suelos -- Cubiertas -- Techos -- Esc
526 _aP158
526 _aP146
526 _aP17
526 _aP12
526 _aP06
650 0 4 _aAutodesk
_xProgramas de computadoras.
650 0 4 _aArquitectura
_xProgramas de computadoras.
650 0 4 _aDibujo arquitectónico
_xProgramas de ordenador
859 _q69421
910 _agl
_d20131205
942 _2ddc
_cBOOK
949 _a720.285 Q5
_i69421
_lCCODEBUL1
_mBUL
_tLIBRO
_o.STAFF. Colección General
596 _a1
999 _a720.285 Q5
_wDEWEY
_c6006
_i69421
_d6006
_e2018-8-9
_f2021-11-9
_g7
_lCCODEBUL1
_mBUL
_n2
_p16.00
_r0
_sY
_tBOOK
_u2015-7-6
_xINGENIERIA
_PP06
_0COMPRA
_o.STAFF. Colección General
980 _81
_gALBERTO SANCHEZ Responsable de Automatización